000 01952nam0a2200373 4500
001 RU\NLR\bibl\1070674
005 20260405084928.0
010 _a5-9219-0535-6
_95000
021 _aRU
_b2007-13766
_9737
035 _a(NLR Aleph) 001057906
090 _a919957
_c919957
100 _a20070410d2007 |||y0rusy50 ca
101 0 _arus
102 _aRU
105 _ay |||||||||
200 1 _aРабочая книга социального педагога
_eпрофилактика безнадзорности, правонарушений, охрана здоровья детей
_f[сост.Г.С. Семенов]
_gпод ред. Л.В. Кузнецовой
210 _aМосква
_cШкольная пресса
_d2007
215 _a93,[3] с.
_d20
225 1 _a"Воспитание школьника. Библиотека журнала"
_vвып. 74, II полугодие 2007 г.
225 1 _aВоспитание
606 0 _aДетская беспризорность
_xБорьба с ней
_yРоссийская Федерация
_92161221
_3RU\NLR\auth\661300659
606 1 _aШкольники
_xВоспитание здорового образа жизни
_92449504
_3RU\NLR\auth\661456503
606 1 _aШкольники
_xСоциально-психологические исследования
_92003333
_3RU\NLR\auth\661205807
686 _aХ628.332
686 _aЧ34(2)46
686 _aЧ421.354
686 _aС550.55
702 1 _4340
_7ca
_8rus
_aКузнецова
_bЛ. В.
_cпсихолог
_gЛюдмила Вениаминовна
_914036
_3RU\NLR\auth\7731022
702 1 _4220
_7ca
_8rus
_aСеменов
_bГ. С.
_cканд. пед. наук
_gГеннадий Семенович
_913663
_3RU\NLR\auth\7730645
801 0 _aRU
_bNLR
_c20070410
_gRCR
801 1 _aRU
_bNLR
_c20070410
942 _cBOOK
980 _aNB